[Event "POL-Cup blind"]
[Site "Dzwirzyno"]
[Date "2019.09.05"]
[Round "5"]
[White "Grzywacz, Ryszard"]
[Black "Wodas, Pawel"]
[Result "0-1"]
[WhiteElo "1641"]
[BlackElo "1825"]
[PlyCount "78"]
[EventDate "2019.09.02"]
[EventType "swiss"]
[EventRounds "9"]
[EventCountry "POL"]
[SourceTitle "EXT 2020"]
[Source "ChessBase"]
[SourceDate "2019.10.17"]
[SourceVersion "1"]
[SourceVersionDate "2019.10.17"]
[SourceQuality "1"]

1. e4 Nf6 2. e5 Nd5 3. Nf3 d6 4. exd6 cxd6 5. Bc4 Nb6 6. Bb3 d5 7. d4 Bg4 8. h3 Bh5 9. Be3 e6 10. c3 Nc6 11. Nbd2 Bd6 12. 0-0 0-0 13. Qc1 Rc8 14. Bc2 f5 15. Nb3 Bxf3 16. gxf3 Qh4 17. Kg2 Rf6 18. Rh1 Rg6+ 19. Kf1 Nc4 20. Bd3 Qh5 21. Be2 f4 22. Bd2 e5 23. Rb1 exd4 24. Nxd4 Nxd4 25. cxd4 Ne3+ 26. Bxe3 Rxc1+ 27. Rxc1 fxe3 28. f4 Qf5 29. fxe3 Qe4 30. Rh2 Qxe3 31. Rc8+ Kf7 32. Rf2 Qxh3+ 33. Ke1 Qxc8 34. f5 Bb4+ 35. Kd1 Rg1+ 36. Bf1 Qc4 37. b3 Qd3+ 38. Kc1 Ba3+ 39. Rb2 Rxf1# 0-1

[Event "POL-Cup blind"]
[Site "Dzwirzyno"]
[Date "2019.09.04"]
[Round "4"]
[White "Wodas, Pawel"]
[Black "Zoltek, Tadeusz"]
[Result "0-1"]
[WhiteElo "1825"]
[BlackElo "2094"]
[PlyCount "84"]
[EventDate "2019.09.02"]
[EventType "swiss"]
[EventRounds "9"]
[EventCountry "POL"]
[SourceTitle "EXT 2020"]
[Source "ChessBase"]
[SourceDate "2019.10.17"]
[SourceVersion "1"]
[SourceVersionDate "2019.10.17"]
[SourceQuality "1"]

1. e4 Nf6 2. e5 Nd5 3. Nf3 d6 4. Bc4 e6 5. d4 Nb6 6. Bd3 Nc6 7. Nc3 Be7 8. h4 dxe5 9. dxe5 Nb4 10. Qe2 Nxd3+ 11. cxd3 Bd7 12. Be3 Bc6 13. 0-0-0 Nd5 14. Bd2 Nxc3 15. bxc3 Ba4 16. Rde1 Qd7 17. Kb2 Rd8 18. d4 Qb5+ 19. Qxb5+ Bxb5 20. Be3 Bc6 21. Nd2 Bxg2 22. Rhg1 Bc6 23. Rxg7 Bxh4 24. Reg1 h5 25. f3 Kf8 26. Bg5 Bxg5 27. R7xg5 Ke7 28. Rh1 h4 29. Rg4 h3 30. Rg3 Rdg8 31. Rhxh3 Rxg3 32. Rxg3 Rh2 33. Kc2 Bd5 34. a3 b5 35. Kd3 a5 36. Rg1 Rh8 37. Rg3 Rh1 38. Kc2 Ra1 39. Nb1 Ra2+ 40. Kc1 Bb3 41. Rh3 Rc2+ 42. Kd1 Rh2+ 0-1

[Event "Rowy op 09"]
[Site "Rowy"]
[Date "2012.09.??"]
[Round "7"]
[White "Wodas, Pawel"]
[Black "Krasowski, Slawomir"]
[Result "0-1"]
[WhiteElo "1898"]
[BlackElo "1999"]
[PlyCount "109"]
[EventDate "2012.09.??"]
[EventType "swiss"]
[EventRounds "9"]
[EventCountry "POL"]
[SourceTitle "EXT 2014"]
[Source "ChessBase"]
[SourceDate "2013.11.20"]
[SourceVersion "1"]
[SourceVersionDate "2013.11.20"]
[SourceQuality "1"]

1. b3 e5 2. Bb2 Nc6 3. c4 d6 4. e3 Bf5 5. a3 Nf6 6. d3 g6 7. Nf3 Bg7 8. Nc3 0-0 9. Qc2 Re8 10. Be2 a6 11. 0-0 e4 12. dxe4 Nxe4 13. Bd3 Qf6 14. Nd1 Qe7 15. Nd4 Bd7 16. Bxe4 Qxe4 17. Qxe4 Rxe4 18. Nc3 Ree8 19. Nd5 Rac8 20. Nxc6 Bxc6 21. Bxg7 Kxg7 22. Rfd1 Re5 23. Rac1 f5 24. Rd4 Kf7 25. Rc3 h6 26. f3 g5 27. Kf2 a5 28. g3 Bxd5 29. cxd5 Ke8 30. f4 Re7 31. h3 Kd7 32. Kf3 c5 33. dxc6+ bxc6 34. g4 fxg4+ 35. hxg4 Rf8 36. Ra4 gxf4 37. exf4 Re5 38. Kg3 Rd5 39. f5 h5 40. Rf4 Rg8 41. Rcf3 Rd1 42. f6 Rg1+ 43. Kh4 hxg4 44. f7 gxf3 45. fxg8Q Rxg8 46. Rxf3 c5 47. Rf7+ Kc6 48. Ra7 Rb8 49. Rxa5 Rxb3 50. Kg4 Kd5 51. Kf4 Kd4 52. Ra4+ c4 53. Kf5 Re3 54. Kf4 Re7 55. Rb4 0-1

[Event "Rowy op 09"]
[Site "Rowy"]
[Date "2012.09.??"]
[Round "9"]
[White "Wodas, Pawel"]
[Black "Relidzynski, Tadeusz"]
[Result "1-0"]
[WhiteElo "1898"]
[BlackElo "1913"]
[PlyCount "33"]
[EventDate "2012.09.??"]
[EventType "swiss"]
[EventRounds "9"]
[EventCountry "POL"]
[SourceTitle "EXT 2014"]
[Source "ChessBase"]
[SourceDate "2013.11.20"]
[SourceVersion "1"]
[SourceVersionDate "2013.11.20"]
[SourceQuality "1"]

1. d4 d5 2. c4 c6 3. Nf3 Nf6 4. g3 Nbd7 5. Qc2 e6 6. Bg2 Be7 7. e3 Ne4 8. 0-0 f5 9. b3 0-0 10. Bb2 g5 11. Nbd2 Rf7 12. Rad1 g4 13. Ne5 Nxe5 14. Nxe4 fxe4 15. dxe5 h5 16. Bxe4 Bd7 17. Bg6 1-0

[Event "Rowy op 09"]
[Site "Rowy"]
[Date "2012.09.??"]
[Round "6"]
[White "Zatylny, Jan"]
[Black "Wodas, Pawel"]
[Result "0-1"]
[WhiteElo "1614"]
[BlackElo "1898"]
[PlyCount "24"]
[EventDate "2012.09.??"]
[EventType "swiss"]
[EventRounds "9"]
[EventCountry "POL"]
[SourceTitle "EXT 2014"]
[Source "ChessBase"]
[SourceDate "2013.11.20"]
[SourceVersion "1"]
[SourceVersionDate "2013.11.20"]
[SourceQuality "1"]

1. d4 Nf6 2. c4 g6 3. g3 Bg7 4. Bg2 0-0 5. Nc3 d6 6. Nf3 Nc6 7. e4 e5 8. d5 Na5 9. Qe2 c5 10. Be3 a6 11. Qd2 Nxc4 12. Bh6 Nxd2 0-1

[Event "Polanica Zdroj op-A 47th"]
[Site "Polanica Zdroj"]
[Date "2011.??.??"]
[Round "9"]
[White "Kowalczyk, Mariusz"]
[Black "Wodas, Pawel"]
[Result "1-0"]
[WhiteElo "1767"]
[BlackElo "1955"]
[PlyCount "109"]
[EventDate "2011.08.19"]
[EventType "swiss"]
[EventRounds "9"]
[EventCountry "POL"]
[SourceTitle "CBM 144 Extra"]
[Source "ChessBase"]
[SourceDate "2011.10.28"]
[SourceVersion "1"]
[SourceVersionDate "2011.10.28"]
[SourceQuality "1"]

1. e4 c5 2. c3 d5 3. exd5 Qxd5 4. d4 cxd4 5. cxd4 Nc6 6. Nf3 e6 7. Be2 Nf6 8. Nc3 Qd8 9. Be3 Be7 10. Rc1 0-0 11. 0-0 Qa5 12. Qb3 Bd7 13. Rfd1 b6 14. Ne5 Nb4 15. Nxd7 Nxd7 16. Bb5 Nf6 17. a3 Na6 18. Bd2 Nc7 19. Bc6 Qh5 20. Bxa8 Rxa8 21. Bf4 Ncd5 22. Bg3 Rd8 23. Re1 Qg4 24. Rcd1 h5 25. f3 Qf5 26. Be5 h4 27. Bxf6 Nxf6 28. Ne4 Nd5 29. Kh1 Qf4 30. g3 Qh6 31. Kg2 Qg6 32. Kf2 f5 33. Nc3 hxg3+ 34. hxg3 f4 35. Nxd5 Qxg3+ 36. Ke2 Qg2+ 37. Kd3 Rxd5 38. Rxe6 Qxf3+ 39. Kc2 Qxb3+ 40. Kxb3 Kf7 41. Re4 g5 42. Kc4 Rd7 43. d5 Bd6 44. Kb5 Bc5 45. b4 Be7 46. Kc6 Rd6+ 47. Kc7 Bf8 48. Re5 Kf6 49. Re8 Be7 50. Rxe7 Kxe7 51. Re1+ Kf6 52. Kxd6 f3 53. Kc7 g4 54. d6 f2 55. Rf1 1-0

[Event "Polanica Zdroj op-A 47th"]
[Site "Polanica Zdroj"]
[Date "2011.??.??"]
[Round "3"]
[White "Palka, Dominika"]
[Black "Wodas, Pawel"]
[Result "0-1"]
[WhiteElo "1786"]
[BlackElo "1955"]
[PlyCount "180"]
[EventDate "2011.08.19"]
[EventType "swiss"]
[EventRounds "9"]
[EventCountry "POL"]
[SourceTitle "CBM 144 Extra"]
[Source "ChessBase"]
[SourceDate "2011.10.28"]
[SourceVersion "1"]
[SourceVersionDate "2011.10.28"]
[SourceQuality "1"]

1. d4 Nf6 2. c4 c5 3. d5 g6 4. Nc3 d6 5. e4 e6 6. Bg5 exd5 7. cxd5 Bg7 8. Bb5+ Nbd7 9. Nf3 0-0 10. 0-0 a6 11. Bxd7 Bxd7 12. e5 dxe5 13. Nxe5 Bf5 14. g4 Bc8 15. Ne4 h6 16. Bxf6 Bxf6 17. Nxf6+ Qxf6 18. f4 Rd8 19. Qf3 Rd6 20. Rac1 b6 21. b4 Bb7 22. Nc6 Bxc6 23. dxc6 Rxc6 24. Rc4 Rac8 25. Rfc1 Kg7 26. Qc3 Qxc3 27. R4xc3 c4 28. Kf2 Kf6 29. Re1 b5 30. Kf3 Re6 31. Ra1 Rd6 32. a4 Rd2 33. axb5 axb5 34. Ra6+ Kg7 35. Rb6 Rd5 36. Ke4 Rcd8 37. Rc2 Rd4+ 38. Ke3 R8d5 39. Rc3 Rd1 40. Ke4 Kf8 41. Rb7 R1d4+ 42. Ke3 Ke8 43. Rxb5 Rd3+ 44. Rxd3 Rxb5 45. Rc3 Rxb4 46. Kd4 Rb2 47. h3 Rd2+ 48. Kxc4 Rf2 49. Kd5 Rxf4 50. Kd6 Kf8 51. Ke5 Rf1 52. Rb3 Kg7 53. Rc3 g5 54. Rb3 Kg6 55. Rb6+ f6+ 56. Ke4 h5 57. gxh5+ Kxh5 58. Rb8 Kh4 59. Rb3 Rf4+ 60. Kd5 Kh5 61. Ke6 Kg6 62. Re3 Ra4 63. Rf3 Ra6+ 64. Kd5 Ra5+ 65. Ke6 Ra6+ 66. Kd5 Kh5 67. Ke4 Kg6 68. Kd5 Kf7 69. Rg3 Re6 70. Rf3 Re5+ 71. Kd4 Kg6 72. Rf2 Rf5 73. Rh2 Rf4+ 74. Kd3 Kh5 75. Ke3 Kh4 76. Rh1 Kg3 77. h4 Rxh4 78. Rg1+ Kh2 79. Rf1 Rh6 80. Kf3 Rg6 81. Kg4 Kg2 82. Ra1 Rh6 83. Ra2+ Kg1 84. Kf5 Rh8 85. Kxf6 g4 86. Kf5 g3 87. Kf4 g2 88. Kg3 Rg8+ 89. Kh3 Rh8+ 90. Kg3 Kh1 0-1

[Event "POL-ch disabled"]
[Site "Rowy"]
[Date "2009.09.01"]
[Round "1.26"]
[White "Wodas, Pawel"]
[Black "Lenart, Franciszek"]
[Result "1-0"]
[WhiteElo "1955"]
[BlackElo "1612"]
[PlyCount "45"]
[EventDate "2009.09.01"]
[EventType "swiss"]
[EventRounds "9"]
[EventCountry "POL"]
[SourceTitle "EXT 2023"]
[Source "ChessBase"]
[SourceDate "2022.10.05"]
[SourceVersion "1"]
[SourceVersionDate "2022.10.05"]
[SourceQuality "1"]

1. d4 d5 2. c4 dxc4 3. Nf3 Nf6 4. Nc3 e6 5. e4 b6 6. Bxc4 Bb7 7. Qe2 Be7 8. 0-0 0-0 9. Rd1 Nbd7 10. h3 Qc8 11. Bg5 h6 12. Bh4 Qe8 13. Nb5 Bd8 14. Bg3 c6 15. Nd6 Qe7 16. Nxb7 e5 17. Nxd8 Raxd8 18. Nxe5 Nxe5 19. Bxe5 b5 20. Bd3 a6 21. Rac1 Nd7 22. Bc7 Rc8 23. Rxc6 1-0